Marketing/ (Record no. 216567)

MARC details
000 -LEADER
fixed length control field 00652nam a22002057a 4500
005 - DATE AND TIME OF LATEST TRANSACTION
control field 20260609151052.0
010 ## - LCCN (DPL NO)
LC control number ENG-148804
020 ## - INTERNATIONAL STANDARD BOOK NUMBER
International Standard Book Number 9789378526053
Terms of availability 1095.00
035 ## - SYSTEM CONTROL NUMBER
System control number EN-132336
037 ## - SOURCE OF ACQUISITION
Source of stock number/acquisition DBAD
082 ## - DEWEY DECIMAL CLASSIFICATION NUMBER
Edition number 8
Classification number 381.41521095414
100 ## - MAIN ENTRY--PERSONAL NAME
Personal name Grewal, Dhruv
245 ## - TITLE STATEMENT
Title Marketing/
Statement of responsibility, etc Dhruv Grewal [and] Michael Levy
250 ## - EDITION STATEMENT
Edition statement 8
260 ## - PUBLICATION, DISTRIBUTION, ETC. (IMPRINT)
Place of publication, distribution, etc Chennai
Name of publisher, distributor, etc McGraw Hill Education India Pvt Ltd
Date of publication, distribution, etc 2026
270 ## - ADDRESS
Address 5/90 Anjana Complex, Butt Road, St. Thomas Mount
City Chennai
Postal code 600016
300 ## - PHYSICAL DESCRIPTION
Extent 686p.
Dimensions 28cm(pb)
Other physical details Index
700 ## - ADDED ENTRY--PERSONAL NAME
Personal name Levy, Michael
Relator term Author
9 (RLIN) 89340
942 ## - ADDED ENTRY ELEMENTS (KOHA)
Source of classification or shelving scheme Dewey Decimal Classification
Item type English Books
Classification part 381.41521095414
Call number suffix GRE
Edition 8
Holdings
Withdrawn status Lost status Not for loan Collection code Home library Current library Date acquired Source of acquisition Cost, normal purchase price Full call number Barcode Copy number Cost, replacement price Koha item type
    Not For Loan Non-fiction D.B.Act.Division D.B.Act.Division 09/06/2026 Delivery of Books Act Division 1095.00 381.41521095414 GRE EN-132336 1 1095.00 English Books

© Delhi Public Library
Hit Counter
free hit counter